000 00354nam a2200145Ia 4500
008 230917s9999||||xx |||||||||||||| ||und||
040 _e59524
_aMAIN
041 _aEnglish
082 _a658.8 B644F
100 _aBoone, Louis E
245 0 _aFoundations of marketing
260 _aIllinois
_bDryolen Press
_c1977
300 _axx, 639 p.
942 _cBK
999 _c157231
_d157231